An egiptian princess (Registro nro. 87455)

Detalles MARC
000 -ENCABEZADO
Número de control [NR] 00617nam a22001817a 4500
008 - DE LONGITUD FIJA DE DATOS DE ELEMENTOS - INFORMACIÓN GENERAL
Elementos de longitud fija [NR] 130821s1871 gw gr eng
040 ## - FUENTE DE CATALOGACION [NR]
Agencia de catalogación original [NR] Co-BoUCM
Idioma de catalogación [NR] spa
041 00 - CODIGO DE IDIOMA [R]
Código de idioma para texto/pista de sonido o título separado [R] Inglés
100 ## - ASIENTO PRINCIPAL--NOMBRE PERSONAL [NR]
Nombre personal [NR] Ebers, George Mauricio
Fechas asociadas con el nombre [NR] 1837-1898
ID Autoridad 150513
245 00 - MENCION DE TITULO [NR]
Título [NR] An egiptian princess
Mención de responsabilidad, etc. [NR] Georg Ebers
260 ## - PUBLICACION, DISTRIBUCION, ETC. (PIE DE IMPRENTA) [R]
Lugar de publicación, distribución, etc. [R] Leipzig (Sajonia, Alemania)
Nombre del editor, distribuidor, etc. [R] Bernard Tauchnitz
Fecha de publicación, distribución, etc. [R] 1871
300 ## - DESCRIPCION FISICA [R]
Extensión [R] 2 v. en 1 t. 705 páginas
490 ## - MENCION DE SERIE [R]
Mención de serie [R] Collection of German Authors; No. 17
650 04 - ASIENTO SECUNDARIO DE MATERIA - TERMINO TEMATICO [R]
Término temático o nombre geográfico como elemento de entrada [NR] Literatura oriental
9 (RLIN) 18717
650 04 - ASIENTO SECUNDARIO DE MATERIA - TERMINO TEMATICO [R]
Término temático o nombre geográfico como elemento de entrada [NR] Novela oriental
9 (RLIN) 20552
942 ## - ELEMENTOS DE ENTRADA AGREGADOS (KOHA)
Tipo de ítem principal el descrito en 300a Libro
Tema principal Literatura
Edición 1
Parte restante de la signatura top. E13
Título oculto en OPAC No
Sistema de clasificación DEWEY
Clasificación 891
Existencias
Signatura topográfica Código de barras Última vez visto Volúmen / Fascículo Ejemplar Price effective from Tipo de ítem Perdido Sistema de clasificación Dañado No prestable Tipo de ítem específico Suprimido Ubicación habitual Ubicación actual Localización Fecha de creación Forma de adquisición Costo
FCS 891 E13 120000677 06/07/2012 1871 Ej.1 03/02/2013 Libro   DEWEY     Fondos especiales     Archivo Histórico Archivo histórico 28/02/2003 Donación 1000.00